00586 2200193 4500001002100000005001500021035002000036007000300056008004100059082001000100084001600110245005800126260003500184300004300219520007300262600001600335100002500351990001600376INLIS00000000000051620210929125549 a0010-0821000036ta210929 b 1 ind  a398.2 a398.2 JIH m1 aMalin kundang si anak durhaka /cJihan Rahmah Parvati aJakarta :bPustaka Sandro Jaya a128 Halaman :bIlustrasi ;c24 x 15 cm amendongeng memiliki banyak manfaat positif untuk tumbuh kembang anak 4aCerita Anak0 aJihan Rahmah Parvati a00000001588